| 000 | 00661nam a2200217 i 4500 | ||
|---|---|---|---|
| 001 | 54180 | ||
| 003 | ES-MaACL | ||
| 005 | 20250815063219.0 | ||
| 007 | t| | ||
| 008 | 960716q1892 fr |||| | fre d | ||
| 040 |
_aCAM _bspa _cCAM |
||
| 100 | 1 |
_aFiguier, Louis, _d1819-1894 _950814 |
|
| 245 | 1 | 4 |
_aLes bonheurs d'outre-tombe / _cLouis Figuier. |
| 260 |
_aParis : _bLibrairie Marpon et Flammarion, _c[1892?] ( _fEmile Colin, imp. de Lagny) |
||
| 300 |
_aIX, 370 p. ; _c19 cm. |
||
| 650 | 7 |
_aMuerte _2embne _915241 |
|
| 650 | 0 | 7 |
_aVida futura _2embne _917794 |
| 650 | 0 | 4 |
_aInmortalidad _913785 |
| 852 |
_aES-MaACL _jD-3172 |
||
| 999 |
_c54180 _d54180 |
||